Countries of Central America Quiz Stats

Quiz Updated Apr 13, 2013

Challenge
Share
Tweet
Embed
Score 0/7 Timer 01:00
2 Plays Today
Country % Correct
Panama
91.7%
Honduras
83.8%
Costa Rica
83.6%
Guatemala
81%
Belize
80.7%
El Salvador
79.9%
Nicaragua
79.4%

You're not logged in!

Compare scores with friends on all Sporcle quizzes.
Join for Free
OR
Log In

You Might Also Like...

Show Comments

Extras

Top Quizzes Today


Score Distribution

Your Account Isn't Verified!

In order to create a playlist on Sporcle, you need to verify the email address you used during registration. Go to your Sporcle Settings to finish the process.

Report this User

Report this user for behavior that violates our Community Guidelines.

Details: